Medaliści Mistrzostw Świata w Lotach Narciarskich 2004 - Statystyki

Ogólne statystyki
  • Ten quiz został rozwiązany 23 razy
  • Średni wynik to 11 z 15
Statystyki odpowiedzi
Konkurs Miejsce Reprezentancja Zawodnik % Poprawnych
2. Finlandia Janne Ahonen
100%
2. Finlandia Janne Ahonen
100%
2. Finlandia Matti Hautamäki
90%
1. Norwegia Sigurd Pettersen
85%
3. Austria Andreas Widhölzl
75%
Drużynowy 1. Norwegia Bjørn Einar Romøren
75%
Indywidualny 1. Norwegia Roar Ljøkelsøy
75%
1. Norwegia Roar Ljøkelsøy
75%
3. Austria Thomas Morgenstern
75%
3. Finlandia Tami Kiuru
70%
2. Finlandia Tami Kiuru
70%
3. Austria Wolfgang Loitzl
70%
3. Austria Andreas Goldberger
55%
1. Norwegia Tommy Ingebrigtsen
50%
2. Finlandia Veli-Matti Lindström
45%
Nie znaleziono quizów pasujących do podanych kryteriów
Rozkład punktacji
Procent ludzi z każdym wynikiem
Percentyl według liczby udzielonych odpowiedzi
Twoja historia wyników
Nie rozwiązałeś tego quizu